书目信息 |
| 题名: |
双语教学
|
|
| 作者: | 曹学君 主编 | |
| 分册: | ||
| 出版信息: | 北京 化学工业出版社 2007 |
|
| 页数: | 351页 | |
| 开本: | 21cm | |
| 丛书名: | ||
| 单 册: | ||
| 中图分类: | Q81-61 | |
| 科图分类: | ||
| 主题词: | 生物学--英语--汉语--词典 , 生物工程--英语--汉语--词典 , 生物学 , 生物工程 | |
| 电子资源: | ||
| ISBN: | 7-5025-9115-X | |
| 000 | 01032nam0 2200289 450 | |
| 001 | 012007569359 | |
| 005 | 20070517141329.75 | |
| 010 | @a7-5025-9115-X@dCNY27.00 | |
| 100 | @a20070427d2007 km y0chiy0120 ea | |
| 101 | 0 | @achi@aeng |
| 102 | @aCN@b110000 | |
| 105 | @ay e 001yy | |
| 106 | @ar | |
| 200 | 1 | @a双语教学@Ashuang yu jiao xue@e英汉生物工程词典@f曹学君主编@Fcao xue jun zhu bian |
| 210 | @a北京@c化学工业出版社@d2007 | |
| 215 | @a351页@d21cm | |
| 330 | @a本词典共收词条约4000条,涉及发酵工程、生物分离工程、微生物学、生物工程设备、基因工程、生物化学、酶催化、植物细胞培养等内容。 | |
| 510 | 1 | @aEnglish-Chinese dictonary of bioscience and bioengineering for bilingual teacing@zeng |
| 517 | 1 | @a英汉生物工程词典@Aying han sheng wu gong cheng ci dian |
| 606 | 0 | @a生物学@x英语@x汉语@j词典 |
| 606 | 0 | @a生物工程@x英语@x汉语@j词典 |
| 606 | 0 | @a生物学 |
| 606 | 0 | @a生物工程 |
| 690 | @aQ81-61@v4 | |
| 701 | 0 | @a曹学君@Acao xue jun@f(1962~)@4主编 |
| 801 | 0 | @aCN@bRULIN@c20070517 |
| 905 | @dQ81-61@e86@s8 | |
| 双语教学:英汉生物工程词典/曹学君主编.-北京:化学工业出版社,2007 |
| 351页;21cm |
| ISBN 7-5025-9115-X:CNY27.00 |
| 本词典共收词条约4000条,涉及发酵工程、生物分离工程、微生物学、生物工程设备、基因工程、生物化学、酶催化、植物细胞培养等内容。 |
| ● |
| 相关链接 |
|
|
|
|
正题名:双语教学
索取号:Q81-61/86
 
预约/预借
| 序号 | 登录号 | 条形码 | 馆藏地/架位号 | 状态 | 备注 |
| 1 | 0574461 | 205744612 | 第二样本阅览室/ [索取号:Q81-61/86] | 在馆 | |
| 2 | 0574462 | 205744621 | 第三借阅区/ [索取号:Q81-61/86] | 在馆 | |
| 3 | 0574463 | 205744630 | 密集书库/ [索取号:Q81-61/86] | 在馆 | |
| 4 | 0574464 | 205744649 | 第三借阅区/ [索取号:Q81-61/86] | 在馆 | |
| 5 | 0574465 | 205744658 | 密集书库/ [索取号:Q81-61/86] | 在馆 | |
| 6 | 0574466 | 205744667 | 密集书库/ [索取号:Q81-61/86] | 在馆 | |
| 7 | 0574467 | 205744676 | 密集书库/ [索取号:Q81-61/86] | 在馆 | |
| 8 | 0574468 | 205744685 | 第三借阅区/ [索取号:Q81-61/86] | 在馆 |